Реферативный журнал, №3.2017. Биология. (ბიბ.ჩანაწერი № 53553)
[ მარტივი ფორმატი ]
| 000 -LEADER | |
|---|---|
| fixed length control field | 00576nam a2200169Ia 4500 |
| 001 - CONTROL NUMBER | |
| control field | 20599 |
| 003 - CONTROL NUMBER IDENTIFIER | |
| control field | GE_BSU |
| 008 - FIXED-LENGTH DATA ELEMENTS--GENERAL INFORMATION | |
| fixed length control field | 181216s||||||||xx |||||||||||||| ||und|| |
| 040 ## - CATALOGING SOURCE | |
| Transcribing agency | GE_BSU |
| 245 ## - TITLE STATEMENT | |
| Title | Реферативный журнал, №3.2017. Биология. |
| 245 ## - TITLE STATEMENT | |
| Remainder of title | Раздел. Ботаника. Высшие растения. |
| 245 ## - TITLE STATEMENT | |
| Statement of responsibility, etc. | гл.ред.РАН Р.В.Петров и др. |
| 653 ## - INDEX TERM--UNCONTROLLED | |
| Uncontrolled term | Периодика |
| 653 ## - INDEX TERM--UNCONTROLLED | |
| Uncontrolled term | Реферативный журнал, №3.2017. Биология. |
| 653 ## - INDEX TERM--UNCONTROLLED | |
| Uncontrolled term | პერიოდიკა |
| 942 ## - ADDED ENTRY ELEMENTS (KOHA) | |
| Koha item type | პერიოდიკა |
არაა ხელმისაწვდომი ეგზემპლარები.
